BUILDING COMPETENCES IN THE FIRM LESSONS (Record no. 31375)
[ view plain ]
| 000 -LEADER | |
|---|---|
| fixed length control field | 00331nam a2200133Ia 4500 |
| 008 - FIXED-LENGTH DATA ELEMENTS--GENERAL INFORMATION | |
| fixed length control field | 240624s9999 xx 000 0 und d |
| 041 ## - LANGUAGE CODE | |
| Language code of text/sound track or separate title | eng |
| 082 ## - DEWEY DECIMAL CLASSIFICATION NUMBER | |
| Classification number | 338.4762 MIY |
| 100 ## - MAIN ENTRY--PERSONAL NAME | |
| Personal name | MIYAZAKI KUMIKO |
| 245 ## - TITLE STATEMENT | |
| Title | BUILDING COMPETENCES IN THE FIRM LESSONS |
| 260 ## - PUBLICATION, DISTRIBUTION, ETC. | |
| Date of publication, distribution, etc. | 1995 |
| Place of publication, distribution, etc. | Macmillan,1995 |
| 300 ## - PHYSICAL DESCRIPTION | |
| Extent | 321 p. |
| 365 ## - TRADE PRICE | |
| Currency code | ERU |
| Price amount | 31 |
| Withdrawn status | Lost status | Damaged status | Not for loan | Home library | Current library | Shelving location | Date acquired | Cost, normal purchase price | Full call number | Barcode | Date last seen | Copy number | Price effective from | Koha item type |
|---|---|---|---|---|---|---|---|---|---|---|---|---|---|---|
| IMTN | IMTN | Rack 11-B | 11/21/2018 | 69.99 | 338.4762 MIY | 31375 | 06/24/2024 | 88.3 | 06/24/2024 | Books |